000 00837cam a2200241 4500
001 WB3541-27
008 000000n1999 000 0 eng u
035 _a(Sirsi) u100572
245 4 _aThe end for the long-term lease?
260 _c1999
490 _aProperty Week
_v64(40) 15 October 1999, 2(1)
520 _aThe Investment Property Forum is concerned about the potential impact proposed accounting standards may have on the long-term lease.
590 _aWB
650 _aABOUT RICS-RELATED ORGANISATIONS-INVESTMENT PROPERTY FORUM
650 _aABOUT RICS-RELATED ORGANISATIONS-INVESTMENT PROPERTY FORUM
650 _aACCOUNTING STANDARDS
650 _aCOMMERCIAL LEASES
650 _aLONG-TERM LEASES
650 _aYIELDS
650 _aFORECASTS
690 _aLANDLORD AND TENANT-BUSINESS TENANCIES
942 _n0
999 _c60166
_d60166